000 00851nam a2200301 a 4500
003 AR-BaBNM
005 20251128205146.0
008 082120s2002 ||||||||||||||000 | spa||
020 _a950-9896-59-4
040 _cAR-BaBNM
100 1 _aSuárez, Silvia
245 0 0 _aTalleres creativos
_bciencias naturales 2do ciclo. 2
260 _aBuenos Aires
_bEdiciones Docentes Argentinas
_c1993
300 _a313 p.
_bil.
650 4 _aCREATIVIDAD
650 4 _aCIENCIAS NATURALES
650 4 _aTRABAJO EN EQUIPO
650 4 _aPARTICIPACION DE LA CLASE
650 4 _aACTIVIDADES DE APRENDIZAJE
650 4 _aMETODOS DE ENSEÑANZA
650 4 _aINVESTIGACION EN LA CLASE
650 4 _aRECURSOS EDUCACIONALES
653 _aTALLERES EDUCATIVOS
700 1 _aSantojani, Gabriel
700 1 _aPaura, Carlos
942 _cBK
998 _cCARMEN
999 _c10230
_d10230